• 首页
  • 本馆介绍
  • 公告通知
  • 最新文献
  • 馆藏检索
  • 电子资源
  • 读者导购
  • 参考咨询
  • 我的图书馆
  • 登录
  • 详细信息显示
  • 放入我的书架
  • 预约/预借图书
  • 作者相关作品
  • 分类相关作品
  • 丛书相关作品
  • 出版社相关作品

书目信息

  • 表格格式
  • 工作单格式
  • 卡片格式
题名:
少女心童话
    
 
作者: 小水菇 编著
分册:  
出版信息: 北京   人民邮电出版社  2020.10
页数: 254页
开本: 26cm
丛书名:
单 册:
中图分类: J215 , J218.5
科图分类:
主题词: 水彩画--插图(绘画)--人物画技法--教材
电子资源:
ISBN: 978-7-115-53804-8
000 01075nam0 2200265 45
001 489814
005 20140818173330.0
010    @a978-7-115-53804-8@dCNY79.80
100    @a20201016d2020 em y0chiy0110 ea
101 0  @achi
102    @aCN@b110000
105    @aa z 000yy
106    @ar
200 1  @a少女心童话@Ashao nv xin tong hua@dMori girl's fairy tale@e纯美萌系水彩人物插画教程@f小水菇编著@zeng
210    @a北京@c人民邮电出版社@d2020.10
215    @a254页@d26cm
330    @a本书共7章。第1章介绍了颜料、纸张和画笔等绘画常用工具;第2章作者分享了一些水彩调色技法和绘制技法;第3章为少女五官的绘制方法和4个半身少女的绘制案例;第4-6章分别以唯美花卉、森系元素和梦幻元素为背景,展示了不同风格少女的绘制过程;第7章以童话为主题,展示了爱丽丝、白雪公主、长发公主和睡美人的绘制过程。
510 1  @aMori girl's fairy tale@zeng
517 1  @a纯美萌系水彩人物插画教程
606 0  @a水彩画@x插图(绘画)@x人物画技法@j教材
690    @aJ215@v5
690    @aJ218.5@v5
701  0 @a小水菇@Axiao shui gu@4编著
801    @aCN@b江苏凤凰@c20211018
905    @b1356480-3@dJ215@e1497@f4
    
    少女心童话=Mori girl's fairy tale:纯美萌系水彩人物插画教程/小水菇编著.-北京:人民邮电出版社,2020.10
    254页;26cm
    
    
    ISBN 978-7-115-53804-8:CNY79.80
    本书共7章。第1章介绍了颜料、纸张和画笔等绘画常用工具;第2章作者分享了一些水彩调色技法和绘制技法;第3章为少女五官的绘制方法和4个半身少女的绘制案例;第4-6章分别以唯美花卉、森系元素和梦幻元素为背景,展示了不同风格少女的绘制过程;第7章以童话为主题,展示了爱丽丝、白雪公主、长发公主和睡美人的绘制过程。
●
相关链接 在E读中查询图书 在五车中查询图书 在当当中查询图书 在豆瓣中查询图书


正题名:少女心童话     索取号:J215/1497         预约/预借

序号 登录号 条形码 馆藏地/架位号 状态 备注
1 1356480   213564800   第一样本阅览室/ [索取号:J215/1497] 在馆    
2 1356481   213564819   第一借阅区/ [索取号:J215/1497] 在馆    
3 1356482   213564828   第一借阅区/ [索取号:J215/1497] 在馆    
4 1356483   213564837   第一借阅区/ [索取号:J215/1497] 在馆    
唐山师范学院图书馆 欢迎您!
大连网信软件有限公司© 版权所有